00493 2200205 4500001002100000008004100021035002000062245005600082100001600138250000600154260003200160300001200192084001400204082000800218650001300226990001200239990001200251990001200263990001200275INLIS000000000000719 ind  a0010-0424000695 aHaving Fun With Adobe Dream Weaver CS5cAgnessia A. aAgnessia A. a1 aYogyakarta :bSkriptac2011 a206 hlm a600 AGN h a600 aNonfiksi a0721956 a0721957 a0721958 a0721959